தமிழ் இனி 2000 (Record no. 10166)

MARC details
000 -LEADER
fixed length control field 00696 a2200217 4500
010 ## - LIBRARY OF CONGRESS CONTROL NUMBER
LC control number TML-30802
020 ## - INTERNATIONAL STANDARD BOOK NUMBER
Terms of availability 750.00
035 ## - SYSTEM CONTROL NUMBER
System control number TM-29041
037 ## - SOURCE OF ACQUISITION
Source of stock number/acquisition D.B.Act / pub /
082 ## - DEWEY DECIMAL CLASSIFICATION NUMBER
Classification number 894.8114
090 ## - LOCALLY ASSIGNED LC-TYPE CALL NUMBER (OCLC); LOCAL CALL NUMBER (OCLC)
-- 10429
-- 10429
245 ## - TITLE STATEMENT
Title தமிழ் இனி 2000
Remainder of title மாநாட்டுக் கட்டுரைகள்
246 ## - VARYING FORM OF TITLE
Title proper/short title Tamil Ini 2000
Remainder of title by
250 ## - EDITION STATEMENT
Edition statement 1st ed
260 ## - PUBLICATION, DISTRIBUTION, ETC. (IMPRINT)
Place of publication, distribution, etc Nagerkoil
Name of publisher, distributor, etc Kalachuvadu Pathippagam
Date of publication, distribution, etc 2007
270 ## - ADDRESS
Address 669,K.P.Road
City Nagerkoil
Postal code 629001
300 ## - PHYSICAL DESCRIPTION
Extent 1030p
Other physical details 22cm
650 ## - SUBJECT ADDED ENTRY--TOPICAL TERM
Topical term or geographic name as entry element Tamil Literature
General subdivision essays
942 ## - ADDED ENTRY ELEMENTS (KOHA)
Koha item type Tamil Bks
Call number prefix 894.8114 / TAM
Holdings
Withdrawn status Lost status Source of classification or shelving scheme Damaged status Not for loan Collection code Home library Current library Cost, normal purchase price Total Checkouts Full call number Barcode Date last seen Copy number Uniform Resource Identifier Cost, replacement price Price effective from Koha item type
    Dewey Decimal Classification   Not For Loan Non-fiction D.B.Act.Division D.B.Act.Division 750.00   894.8114 TM-29041 15/09/2008 1 11195 750.00 15/09/2008 Tamil Bks

© Delhi Public Library
Hit Counter
free hit counter